Variable stars in globular clusters and in related systems (Record no. 4725)

MARC details
000 -LEADER
fixed length control field 00882nam a2200217Ia 4500
003 - CONTROL NUMBER IDENTIFIER
control field IN-BaIIA
008 - FIXED-LENGTH DATA ELEMENTS--GENERAL INFORMATION
fixed length control field 211028s9999 xx 000 0 eng d
020 ## - INTERNATIONAL STANDARD BOOK NUMBER
International Standard Book Number 90-277-0341-8
040 ## - CATALOGING SOURCE
Transcribing agency IIA Library
111 ## - MAIN ENTRY--MEETING NAME
Meeting name or jurisdiction name as entry element International Astronomical Union Colloquium
Number of part/section/meeting 21th
Location of meeting Toronto, Canda
Date of meeting or treaty signing 1972 Aug. 29-31
9 (RLIN) 8383
245 #0 - TITLE STATEMENT
Title Variable stars in globular clusters and in related systems
Remainder of title proceedings of the IAU colloquium no. 21, held in University of Toronto, Canda, August 29-31,1972
Statement of responsibility, etc. edited by J. D. Fernie
260 ## - PUBLICATION, DISTRIBUTION, ETC.
Place of publication, distribution, etc. Dordrecht
Name of publisher, distributor, etc. D. Reidel Publishing
Date of publication, distribution, etc. 1973
300 ## - PHYSICAL DESCRIPTION
Extent vi, 228p.
490 ## - SERIES STATEMENT
Series statement Astrophysics and space science library; v. 36
650 ## - SUBJECT ADDED ENTRY--TOPICAL TERM
Topical term or geographic name entry element  Stars - variable
9 (RLIN) 8384
650 ## - SUBJECT ADDED ENTRY--TOPICAL TERM
Topical term or geographic name entry element  Variable stars 
9 (RLIN) 8264
650 ## - SUBJECT ADDED ENTRY--TOPICAL TERM
Topical term or geographic name entry element Astronomy and astrophysics thesaurus 
9 (RLIN) 1143
700 ## - ADDED ENTRY--PERSONAL NAME
Personal name Fernie, J. D., ed.
9 (RLIN) 8385
710 ## - ADDED ENTRY--CORPORATE NAME
Corporate name or jurisdiction name as entry element International Astronomical Union
942 ## - ADDED ENTRY ELEMENTS (KOHA)
Koha item type Books
Holdings
Withdrawn status Lost status Damaged status Not for loan Home library Current library Shelving location Date acquired Total Checkouts Full call number Barcode Date last seen Price effective from Koha item type
        IIA Library-Bangalore IIA Library-Bangalore General Stacks 08/05/1975   52(082.1)/ ASS-36 5280 05/11/2021 08/05/1975 Books

Powered by Koha